Efectos fiscales del ajuste por inflación (Registro nro. 12436)

Detalles MARC
000 -LEADER
fixed length control field 00305 a2200109 4500
001 - CONTROL NUMBER
control field ART_48474
005 - DATE AND TIME OF LATEST TRANSACTION
control field 20260410161631.0
008 - FIXED-LENGTH DATA ELEMENTS--GENERAL INFORMATION
fixed length control field 260409a
100 1# - MAIN ENTRY--PERSONAL NAME
Personal name Zgaib, Alfredo O.
245 10 - TITLE STATEMENT
Title Efectos fiscales del ajuste por inflación
773 0# - HOST ITEM ENTRY
Title Enfoques
Related parts - N°1 (ene. 2019)
Record control number REV416

No hay ítems disponibles.